000 00391nam a2200157Ia 4500
003 OSt
005 20240311103544.0
008 170523s9999 xx 000 0 und d
020 _a978-8122415582
040 _ciimtu meerut
100 _aMURTHY- P RAMA
245 0 _aPRODUCTION AND OPERATION MANAGEMENT
260 _bNEW AGE INTERNATIONAL PUBLICATION
260 _c2002
942 _2ddc
_c02
999 _c1289
_d1289